Регионална библиотека "Любен Каравелов" - Русе

Полка (Запис номер 316672)

MARC детайли
000 -Лидер
Контролно поле с фиксирана дължина 00666nja a2200217 a 4500
003 - Код на организацията, давaща контролен номер
Контролно поле BLK
005 - Дата и час на последна редакция
Контролно поле 20240824005347.0
008 - Елементи от данни с фиксирана дължина
fixed length control field 180414c bul|r|ner|||| 00| c0bul d
010 ## - Наследен системен номер
LC control number NOT00003228029
040 ## - Източник на каталожния запис
Идентификатор на билиотеката - собственик на записа BLK
100 ## - Редна дума - Автор
Автор Глинка, Михаил Иванович
R(LIN) 367626
245 10 - Сведения за заглавието
Заглавие Полка
Редно поле (дума) Михаил Иванович Глинка.
250 ## - Област на изданието
Сведения за изданието 3. изд.
257 ## - Страна на издаване
Страна на създаване/издаване България
380 ## - Жанр
Жанр Изкуство
773 ## - Описание на основна библиографска единица при аналитични записи (многотомни)
Host Biblionumber 316643
Host Itemnumber 669530
Редна дума на основното описание Глинка, Михаил Иванович
Заглавие Малкият пианист
852 ## - Местоположение
Форматна сигнатура Цб М ІІ 2436
942 ## - АРТИКУЛИ
Вид на библиотечния материал Нотни издания
Скрит в OPAC Не
944 ## - СЪЗДАВАНЕ И РЕДАКЦИЯ на ЗАПИСА
Създаване/Редакция Създаване
Дата на регистрацията/редакция 20.08.2010
Служител, извършил регистрацията/редакцията
Статус, дата на статуса CRON CRON
944 ## - СЪЗДАВАНЕ И РЕДАКЦИЯ на ЗАПИСА
Създаване/Редакция Редакция
Дата на регистрацията/редакция 21.08.2010
Служител, извършил регистрацията/редакцията
999 ## - СИСТЕМНИ КОНТРОЛНИ НОМЕРА
Koha biblionumber 316672
Koha biblioitemnumber 316672
Наличности
Код за отписване Код за изгубен артикул Код за повреда Коз за рестрикции Код за отдаване Артикулен № Име на библиотеката - собственик Име на библиотеката, в която се намира в момента Статус (Текущо местоположение) Дата на вписване в системата Местоположение - отдел Цена в лева Инвентарен номер Систематично азбучна сигнатура Баркод Номер на екземпляра Цена в евро Служебна бележка Служебен тип на артикула Бележка за публиката
  Не е изгубен Не е повреден само за читалня ползва се в читалня 669559 Регионална библиотека "Любен Каравелов" Русе Регионална библиотека "Любен Каравелов" Русе Аналитични записи 2018-04-14 Аналитични записи 0.00 902900003228 Цб М ІІ 2436 902900003228 29 0.00 аналитичен запис Статия Това е описние на част от артикул: Малкият пианист
Vip Innovations Ltd, Rousse, Bulgaria 2025